000 00348 a2200145 4500
001 48527
020 _a9780194248914
040 _cAnchieta - Bela Vista
100 _aLindop, Christine
240 1 0 _aGreen Planet
_leng
245 1 0 _aGreen Planet
300 _a67
650 4 _aInglês básico aplicado, inclusive termos estrangeiros
942 _cBK
999 _c48527
_d48527